Payabhut abhyas - 2 (FC-II) SYBA,SYBcom New Syllabus 2008 (Record no. 823719)

MARC details
000 -LEADER
fixed length control field 00691nam a2200217Ia 4500
008 - FIXED-LENGTH DATA ELEMENTS--GENERAL INFORMATION
fixed length control field 101110s9999 xx 000 0 und d
041 ## - LANGUAGE CODE
Language code of text/sound track or separate title MARATHI
082 ## - DEWEY DECIMAL CLASSIFICATION NUMBER
Item number SR31217
100 ## - MAIN ENTRY--PERSONAL NAME
Personal name Liman M.S., Inamdar U.B. aani Shivpuje D.R.
245 ## - TITLE STATEMENT
Title Payabhut abhyas - 2 (FC-II) SYBA,SYBcom New Syllabus 2008
260 ## - PUBLICATION, DISTRIBUTION, ETC. (IMPRINT)
Date of publication, distribution, etc 2008
Name of publisher, distributor, etc Sheth publishers,Mumbai
300 ## - PHYSICAL DESCRIPTION
Extent 193
365 ## - TRADE PRICE
Price amount 70
520 ## - SUMMARY, ETC.
Summary, etc Personality Development
546 ## - LANGUAGE NOTE
Language note MARATHI
630 ## - SUBJECT ADDED ENTRY--UNIFORM TITLE
Uniform title Payabhut abhyas - 2 (FC-II) SYBA,SYBcom New Syllabus 2008
650 ## - SUBJECT ADDED ENTRY--TOPICAL TERM
Topical term or geographic name as entry element Personality Development
655 ## - INDEX TERM--GENRE/FORM
Genre/form data or focus term Personality Development
730 ## - ADDED ENTRY--UNIFORM TITLE
Uniform title Payabhut abhyas - 2 (FC-II) SYBA,SYBcom New Syllabus 2008
942 ## - ADDED ENTRY ELEMENTS (KOHA)
Koha item type Book
Holdings
Withdrawn status Lost status Damaged status Not for loan Home library Current library Date acquired Source of acquisition Cost, normal purchase price Shelving control number Total Checkouts Barcode Date last seen Price effective from Koha item type
        D. B. J. College, Chiplun D. B. J. College, Chiplun   Sheth publishers,Mumbai,invoice no.2086,dt.15/10/08 70.00     DBJSR31217 11/11/2010 11/11/2010 Book